Nosotros, ampliamente confirmados : erección de la Provincia Colombiana de la Compañía de Jesús (1922-1924) /

Detalles Bibliográficos
Autor principal: Bayona Zamora, Jairo Gilberto (Autor)
Formato: Electrónico eBook
Lenguaje:español
Publicado: Bogotá : Editorial Pontificia Universidad Javeriana, [2024]
Edición:Primera edición.
Materias:
Acceso en línea:Digitalia Hispánica

MARC

LEADER 00000nam a2200000Ii 4500
001 DIGEPUJ0514
003 NyNyDIG
006 m o d
007 cr |||||||||||
008 260205s2024 ck a ob 000 0 spa d
035 |a (OCoLC)1564483537 
040 |a DGITA  |b eng  |e rda  |e pn  |c DGITA 
020 |a 9789587819465  |q (digital) 
020 |z 9789587819458  |q (impreso) 
024 7 |a https://doi.org/10.11144/Javeriana.9789587819465  |2 doi 
043 |a s-ck--- 
050 1 4 |a BX3701 ebook 
100 1 |a Bayona Zamora, Jairo Gilberto,  |e author. 
245 1 0 |a Nosotros, ampliamente confirmados :  |b erección de la Provincia Colombiana de la Compañía de Jesús (1922-1924) /  |c Jairo Gilberto Bayona Zamora, S. J. 
250 |a Primera edición. 
264 1 |a Bogotá :  |b Editorial Pontificia Universidad Javeriana,  |c [2024] 
300 |a 1 online resource :  |b illustrations. 
336 |a text  |b txt  |2 rdacontent 
337 |a computer  |b c  |2 rdamedia 
338 |a online resource  |b cr  |2 rdacarrier 
347 |a text file  |2 rdaft 
347 |b PDF 
504 |a Includes bibliographical references. 
588 0 |a Online resource; title from PDF title page (Digitalia, viewed February 5, 2026) 
600 0 0 |a Ignatius,  |c of Loyola, Saint,  |d 1491-1556. 
610 2 0 |a Jesuits.  |b Provincia Colombiana  |x History. 
650 0 |a Christianity and religious humanism  |z Colombia  |y 20tn century. 
650 0 |a Church polity  |z Colombia  |y 20tn century. 
610 2 0 |a Jesuits  |x Spiritual life. 
791 2 |a Digitalia (Firm),  |e distributor. 
793 0 |g Digitalia eBook Collection:  |a Pontificia Universidad Javeriana 
776 0 8 |i Print version:  |a Bayona Zamora, Jairo Gilberto.  |t Nosotros, ampliamente confirmados.  |b Primera edición.  |d Bogotá : Editorial Pontificia Universidad Javeriana, [2024]  |z 9789587819458 
856 4 0 |3 Digitalia Hispánica  |u https://www.digitaliapublishing.com/a/183375/ 
910 |a Premium collection: 2026